[Event "Madrid Vicalvaro op"]
[Site "Madrid"]
[Date "2022.06.05"]
[Round "5"]
[White "Olias Rincon, Ines"]
[Black "Melero Fernandez, Jose M"]
[Result "1-0"]
[WhiteElo "1158"]
[BlackElo "1257"]
[PlyCount "121"]
[EventDate "2022.05.08"]
[EventType "swiss"]
[EventRounds "7"]
[EventCountry "ESP"]
[SourceTitle "EXT 2024"]
[Source "ChessBase"]
[SourceDate "2023.10.10"]
[SourceVersion "1"]
[SourceVersionDate "2023.10.10"]
[SourceQuality "1"]

1. e4 c5 2. Nf3 d6 3. d4 cxd4 4. Nxd4 Nf6 5. Nc3 g6 6. Bc4 Bg7 7. 0-0 0-0 8. Re1 Bd7 9. h3 a6 10. Be3 Nc6 11. Qd2 Rc8 12. Bb3 b5 13. Nxc6 Bxc6 14. Bh6 b4 15. Nd5 Nxd5 16. Bxg7 Kxg7 17. Bxd5 Bxd5 18. exd5 a5 19. Rac1 Re8 20. Qg5 h6 21. Qh4 Rc5 22. Qd4+ f6 23. g4 Qa8 24. Red1 Qc8 25. c3 Rc4 26. Qe3 Qb7 27. b3 Rc5 28. c4 Qa7 29. Re1 a4 30. Re2 axb3 31. axb3 Qa3 32. Rce1 Rc7 33. h4 Qa7 34. Qd2 Qc5 35. Qc2 Kf7 36. Qd2 Kg7 37. Qd3 Kf7 38. h5 Rg8 39. hxg6+ Rxg6 40. Rxe7+ Rxe7 41. Rxe7+ Kxe7 42. Qxg6 Qd4 43. Kg2 Qc3 44. Qb1 Qe5 45. Qh7+ Kd8 46. Qxh6 Qe4+ 47. Kg3 Qe5+ 48. Qf4 Qc3+ 49. Qe3 Kd7 50. Kf3 Qc2 51. Qe6+ Kc7 52. Qxf6 Qd3+ 53. Kg2 Qxb3 54. g5 Qxc4 55. Qe7+ Kb8 56. Qxd6+ Qc7 57. Qxb4+ Kc8 58. Qf8+ Kb7 59. g6 Qe5 60. Qf7+ Kb6 61. Qe6+ 1-0

[Event "Madrid Vicalvaro op"]
[Site "Madrid"]
[Date "2022.05.29"]
[Round "4"]
[White "Gonzalez San Pedro, Francisco Javier"]
[Black "Olias Rincon, Ines"]
[Result "1-0"]
[WhiteElo "1398"]
[BlackElo "1158"]
[PlyCount "57"]
[EventDate "2022.05.08"]
[EventType "swiss"]
[EventRounds "7"]
[EventCountry "ESP"]
[SourceTitle "EXT 2024"]
[Source "ChessBase"]
[SourceDate "2023.10.10"]
[SourceVersion "1"]
[SourceVersionDate "2023.10.10"]
[SourceQuality "1"]

1. e4 e5 2. Nf3 Nc6 3. Bb5 Nf6 4. d3 Bc5 5. 0-0 d6 6. c3 0-0 7. h3 h6 8. Re1 Be6 9. d4 exd4 10. cxd4 Bb4 11. Nc3 Bd7 12. a3 Ba5 13. b4 a6 14. Bxc6 Bxb4 15. axb4 Bxc6 16. d5 Bd7 17. e5 dxe5 18. Nxe5 Bf5 19. Qf3 Bh7 20. Bf4 Bc2 21. Ng4 Nxg4 22. Qxg4 Qf6 23. Be5 Qg6 24. Qxg6 Bxg6 25. Bxc7 Rac8 26. d6 Bf5 27. Nd5 Bd7 28. Ne7+ Kh7 29. Nxc8 1-0

[Event "Madrid Vicalvaro op"]
[Site "Madrid"]
[Date "2022.05.14"]
[Round "2"]
[White "Perez Puebla, David"]
[Black "Olias Rincon, Ines"]
[Result "1-0"]
[WhiteElo "1462"]
[BlackElo "1158"]
[PlyCount "85"]
[EventDate "2022.05.08"]
[EventType "swiss"]
[EventRounds "7"]
[EventCountry "ESP"]
[SourceTitle "EXT 2024"]
[Source "ChessBase"]
[SourceDate "2023.10.10"]
[SourceVersion "1"]
[SourceVersionDate "2023.10.10"]
[SourceQuality "1"]

1. d4 Nf6 2. Nf3 d5 3. e3 e6 4. Bd3 Be7 5. Nbd2 Nbd7 6. 0-0 0-0 7. Qe2 c5 8. c3 c4 9. Bc2 Bd6 10. e4 Qc7 11. e5 Be7 12. exf6 Nxf6 13. Re1 Bd6 14. Ne5 Nd7 15. Qh5 g6 16. Qh6 Nxe5 17. dxe5 Bxe5 18. Nf3 Bg7 19. Qh4 f6 20. Bh6 e5 21. Rad1 e4 22. Nd4 g5 23. Qh5 Qf4 24. Ne2 Qe5 25. h3 Be6 26. Bxg7 Kxg7 27. Ng3 Qf4 28. Qe2 Kg6 29. Qd2 Qh4 30. Ne2 Kg7 31. Nd4 Bd7 32. Ba4 Bxa4 33. Nf5+ Kf7 34. Nxh4 Bxd1 35. Qxd1 gxh4 36. Qxd5+ Kg7 37. Qxb7+ Kh8 38. Rxe4 Rg8 39. Qe7 Rab8 40. Qxf6+ Rg7 41. Re7 Rbg8 42. Rxg7 Rxg7 43. Qxh4 1-0